| 000 | 00579nam a2200169Ia 4500 | ||
|---|---|---|---|
| 008 | 090123s9999 xx 000 0 und d | ||
| 082 | _b24990 | ||
| 100 | _aप्रियोळकर अनंत काकबा | ||
| 245 | _aदमयंती स्वयंवर | ||
| 250 | _a0 | ||
| 300 | _a203 | ||
| 600 | _aप्रियोळकर अनंत काकबा | ||
| 630 | _aदमयंती स्वयंवर | ||
| 700 | _aप्रियोळकर अनंत काकबा | ||
| 730 | _aदमयंती स्वयंवर | ||
| 942 | _cBOOK | ||
| 999 |
_c63061 _d63061 |
||